| 000 | 00560 a2200145 4500 | ||
|---|---|---|---|
| 082 | _aBICSE-1 | ||
| 100 |
_aWaqas Bukhari _992837 |
||
| 245 |
_aDesign and Optimization of Cooperative Diversity in wireless Sensor Networks _cWaqas Bukhari |
||
| 260 |
_aIsalamabad, _bNUST School of Electrical Engineering & Computer Science, _c2007. |
||
| 300 |
_ax, 77 p. : _bill. ; _c27 cm. + _eCD-ROM |
||
| 500 | _aSupervisors : Dr. Arshad Ali, Dr. Syed Ali Khayam. | ||
| 563 | _aHB | ||
| 856 | _uhttp://10.250.8.41:8080/xmlui/handle/123456789/8487 | ||
| 942 |
_cPR _kBICSE-1 WAQ _2ddc |
||
| 999 |
_c9193 _d9193 |
||